000 00312nam a2200121Ia 4500
008 220204s9999 xx 000 0 und d
082 _a631.67
_bMAN.1
245 0 _aScientific review in arid zone research V 1.
260 _aJodhpur
_bScientific
_c1983
650 _aArid zone
700 _aMann, H S
942 _cBK
999 _c37182
_d37182